Los diez mandamientos revolucionarios. (Record no. 173216)

MARC details
000 -LEADER
campo de control de longitud fija 00681nam a2200157 i 4500
001 - NÚMERO DE CONTROL
campo de control 173216
003 - IDENTIFICADOR DE NÚMERO DE CONTROL
campo de control ES-MaACL
005 - FECHA Y HORA DE LA ÚLTIMA TRANSACCIÓN
campo de control 20230906215158.0
008 - DATOS DE LONGITUD FIJA--INFORMACIÓN GENERAL
campo de control de longitud fija 091118q1914 mx 000 0 spa d
245 04 - MENCIÓN DEL TÍTULO
Título Los diez mandamientos revolucionarios.
260 ## - PUBLICACIÓN, DISTRIBUCIÓN, ETC.
Lugar de publicación, distribución, etc. [México :
Nombre del editor, distribuidor, etc. s.n.,
Fecha de publicación, distribución, etc. ca. 1914]
300 ## - DESCRIPCIÓN FÍSICA
Extensión 1 h. pleg ;
Dimensiones 33 cm.
597 ## - NOTA DE DESCRIPCIÓN FÍSICA
NOTA DE DESCRIPCIÓN FÍSICA 1 h. naranja de papel seda, doblada, que contiene: Los diez mandamientos revolucionarios, un credo en la parte superior, y en la inferior otro credo firmado por P.M.S. y L. de la R.
651 #4 - PUNTO DE ACCESO ADICIONAL DE MATERIA--NOMBRE GEOGRÁFICO
Nombre geográfico México-
Subdivisión general Historia-
Subdivisión cronológica 1910-1917, Revolución armada.
9 (RLIN) 151495
852 4# - LOCALIZACIÓN
Ubicación ES-MaACL
Número de control de estantería 2254-F-33
Encuadernación - Hoja encontrada dentro del folleto 1498-F-5
Holdings
Estatus retirado Estado de pérdida Estado de daño No para préstamo Colección Biblioteca de origen Biblioteca actual Ubicación en estantería Fecha de adquisición Fuente de adquisición Total de préstamos Signatura topográfica completa Código de barras Visto por última vez Precio de reemplazo Tipo de ítem Koha
        Colección de folletos Biblioteca del Ateneo de Madrid Biblioteca del Ateneo de Madrid Depósito folletos 18/11/2009     2254-F-33 1181754 23/02/2023 23/02/2023 Folleto